000
00261nam a22001097a 4500
008
170113b xxu||||| |||| 00| 0 eng d
020
_a
9780132956314
041
_a
eng
080
_2
3RD
_a
618.2
245
_a
GERONTOLOGICAL NURSING
_c
TABLOSKI, P.A
942
_2
udc
_c
BK
999
_c
2883
_d
2883